| 000 | 00535nam a2200181 4500 | ||
|---|---|---|---|
| 001 | 122058 | ||
| 003 | ES-MaACL | ||
| 005 | 20250801075035.0 | ||
| 007 | t| | ||
| 008 | 070214s1972 sp r ||||1| spa d | ||
| 100 | 1 |
_aPothorn, Herbert. _993378 |
|
| 245 | 1 | 3 |
_aEl hombre mono / _cHerbert Pothorn ; traducción de José Luis Yarza. |
| 260 |
_aBarcelona : _bBruguera, _c1972. |
||
| 300 |
_a224 p. : _bil. ; _c18 cm. |
||
| 700 | 1 |
_aYarza Oñate, José Luis _9117587 |
|
| 852 |
_aES-MaACL _jC-44383 _bR.81660 |
||
| 999 |
_c122058 _d122058 |
||